000 00439nam a2200157Ia 4500
005 20240704095112.0
008 240126s9999 xx 000 0 und d
020 _a9780750682336
082 _a392.5068 DAN;1 R
100 _aDaniels, Maggie. Loveless, Carrie.
245 0 _aWedding planning and management consultancy for diverse clients
260 _bOxford
_aElsevier
_c2007
300 _axix, 498
440 _aNULL
942 _cPU
999 _c274194
_d274194